Levado pelo mar (Record no. 46301)

MARC details
000 -Etiqueta do registo
Valores 00678nam a2200241 4500
010 ## - Número ISBN
ISBN 9789898032201
021 ## - Número do Depósito Legal
Número 264894/07
100 ## - Dados gerais de processamento
Dados gerais 20080507d2007 m y0pory5003 ba
101 1# - Língua de publicação
Língua por
102 ## - País de publicação
País PT
200 1# - Titulo e menção de responsabilidade
Título próprio Levado pelo mar
Primeira menção de responsabilidade Nora Roberts
Outras menções de responsabilidade trad. Carla Ferraz
-- rev. Idalina Morgado
210 ## - Publicação
Local de publicação Parede
Nome do editor Chá das cinco
Data de publicação 2007
215 ## - Descrição física 
Paginação / Volumes 285, [3] p.
Dimensões 23 cm
225 2# - Colecção 
Título próprio da colecção Literatura romântica
Nome de parte ou secção A Saga da Baía de Chesapeake
304 ## - Nota relativa ao título
Texto de nota Tít. orig.: Sea Swept
675 ## - CDU
Notação 821.111(73)-31
700 #1 - Autor principal
Apelido Roberts
Nome Nora
702 #1 - Autor secundário
Apelido Ferraz
Nome Carla
Função 730
702 #1 - Autor secundário
Apelido Morgado
Nome Idalina
Função 675
801 #0 - Fonte de origem
País PT
Agência CMELV
Regras de catalogação RPC
990 ## - Elementos KOHA
Tipo de documento Livro
Holdings
Aquisição Empréstimo Código de barras Cota Permissão de empréstimo Tipo de documento Nota relativa ao exemplar
Biblioteca Municipal de Redondo Biblioteca Municipal de Redondo 057416 821.111(73)-3 ROB   Livro oferta de Franklim Amaro Cabreirinha

Powered by Koha